000 00554nam a2200217Ia 4500
003 OSt
005 20220927105034.0
006 a|||||r|||| 00| 0
007 ta
008 220926b |||||||| |||| 00| 0 eng d
024 _a187860
037 _cReference Collections
040 _aRTL
_cRTL
_beng
041 _2eng
_aeng
082 _a"X:8N91, L3"
100 _aCOFFIN R.C
_9369822
245 0 _aNEGOTIATOR
_b A MANUL FOR WINNERS
260 _c1973
942 _h"X:8N91, L3"
_cCC
999 _c690434
_d690434